Overwatch Countries - Statistics

General Stats
  • This quiz has been taken 250 times
  • The average score is 21 of 26
Answer Stats
Hint Answer % Correct
Genji Japan
94%
Hanzo Japan
94%
Zarya Russia
94%
Bastion Germany
93%
Reinhardt Germany
93%
Ana Egypt
91%
Pharah Egypt
91%
Widowmaker France
91%
Sombra Mexico
91%
Mei China
90%
Junkrat Australia
88%
Roadhog Australia
88%
McCree USA
87%
Reaper USA
87%
Soldier:76 USA
87%
Dva South Korea
85%
Torbjorn Sweden
85%
Lucio Brazil
84%
Tracer UK
82%
Symmetra India
79%
Mercy Switzerland
72%
Zenyatta Nepal
68%
Moira Ireland
67%
Orisa Nigeria
61%
Doomfist Nigeria
61%
Winston Gibraltar
19%
No matching quizzes found
Score Distribution
Percent of People with Each Score
Percentile by Number Answered
Your Score History
You have not taken this quiz